This Country BBC - Statistics

General Stats
  • This quiz has been taken 31 times
  • The average score is 13 of 21
Answers on the Grid
Answers color-coded by a green-red scale on the quiz's grid according to % correct below.
Kerry Mucklowe
Mark Johnston
Blind man
Martin Mucklowe
Carol Mucklowe
Rob Robinson
Uncle Nugget
Len Clifton
Sarah Clifton
Porkchop
Ruby
Mandy Harris
Tyson
Slugs
Clark Maxwell
Sue
Mary Smith
June
Susan Jones
Bill
Kayleigh
Fox twins
Kurtan Mucklowe
Claire
Darren Lacey
Nan
Arthur
William Black
Sophie
Jacob
 
Answer Stats
Answer % Correct
Martin Mucklowe
100%
Kayleigh
78%
Kerry Mucklowe
78%
Kurtan Mucklowe
78%
Fox twins
70%
Mandy Harris
70%
Porkchop
70%
Slugs
70%
Len Clifton
65%
Uncle Nugget
65%
June
61%
Nan
61%
Rob Robinson
57%
Sophie
57%
Sue
57%
Arthur
52%
Darren Lacey
52%
Jacob
48%
Tyson
39%
Blind man
26%
Susan Jones
9%
No matching quizzes found
Score Distribution
Percent of People with Each Score
Percentile by Number Answered
Your Score History
You have not taken this quiz